Main risk margin determinants of government bonds of Visegrad group countries
Analýza faktorov vplyvu na rozpätia rizikových marží vládnych dlhopisov v krajinách V4. Analýza na princípe modelu šíriky a volatility rizika. Využité empiricko-štatistické metódy a komparácia v špecifickom modeli použitom a aplikovanom na krajiny východnej Európy.
Gespeichert in:
| 1. Verfasser: | |
|---|---|
| Weitere Verfasser: | |
| Format: | Buchkapitel |
| Sprache: | Englisch |
| Schlagworte: | |
| Tags: |
Keine Tags, Fügen Sie das erste Tag hinzu!
|
MARC
| LEADER | 00000naa a2200000 4500 | ||
|---|---|---|---|
| 001 | 0185613 | ||
| 005 | 20240502073158.7 | ||
| 041 | 0 | |a eng | |
| 044 | |a SK | ||
| 245 | 1 | 0 | |a Main risk margin determinants of government bonds of Visegrad group countries |c Božena Chovancová, Peter Árendáš |
| 520 | |a Analýza faktorov vplyvu na rozpätia rizikových marží vládnych dlhopisov v krajinách V4. Analýza na princípe modelu šíriky a volatility rizika. Využité empiricko-štatistické metódy a komparácia v špecifickom modeli použitom a aplikovanom na krajiny východnej Európy. | ||
| 610 | 2 | 0 | |a dlhopisy štátne |
| 610 | 2 | 0 | |a volatilita |
| 610 | 2 | 0 | |a marža |
| 610 | 2 | 0 | |a riziko finančné |
| 610 | 2 | 0 | |a metódy matematicko-štatistické |
| 610 | 2 | 0 | |a Vyšehradská štvorka |
| 100 | 1 | |a Chovancová, Božena | |
| 700 | 1 | |a Árendáš, Peter, 1986- | |